UM Logo

Term deposit rates fetch new highs/ (Record no. 12337)

MARC details
000 -LEADER
fixed length control field 00366nam a2200121 4500
008 - FIXED-LENGTH DATA ELEMENTS--GENERAL INFORMATION
fixed length control field 190123b ||||| |||| 00| 0 eng d
100 ## - MAIN ENTRY--PERSONAL NAME
9 (RLIN) 34844
Personal name Mercurio, Richmond
245 ## - TITLE STATEMENT
Title Term deposit rates fetch new highs/
Statement of responsibility, etc. Richmond Mercurio
260 ## - PUBLICATION, DISTRIBUTION, ETC. (IMPRINT)
Place of publication, distribution, etc. Philippines
Name of publisher, distributor, etc. The Philippine Star
Date of publication, distribution, etc. c2018
300 ## - PHYSICAL DESCRIPTION
Extent page B3.
650 #0 - SUBJECT ADDED ENTRY--TOPICAL TERM
9 (RLIN) 34845
Topical term or geographic name as entry element Transportation.
942 ## - ADDED ENTRY ELEMENTS (KOHA)
Source of classification or shelving scheme Dewey Decimal Classification
Koha item type Periodicals
Holdings
Withdrawn status Lost status Source of classification or shelving scheme Damaged status Not for loan Collection code Home library Current library Date acquired Total Checkouts Date last seen Price effective from Koha item type Public note
    Dewey Decimal Classification     Periodicals UM Digos College - LIC UM Digos College - LIC 01/23/2019   01/23/2019 01/23/2019 Periodicals Newspaper Clippings